000 00492nam a2200181Ia 4500
008 151202s9999||||xx |||||||||||||| ||und||
082 _bPNVM-32834
100 _aपानवलकर श्री.दा.
245 _aचिनाब.
260 _b---
260 _c0
300 _a0
600 _aपानवलकर श्री.दा.
630 _aचिनाब.
700 _aपानवलकर श्री.दा.
730 _aचिनाब.
942 _cBOOK
999 _c1298795
_d1298792